22 Ways Not to Go to the 'Lake' Quiz Stats

 Plays Quiz Updated Aug 8, 2017

Challenge
Share
Tweet
Embed
Score 0/22 Timer 01:30
23 Plays Today
% Correct
Bake
97.9%
Make
97.4%
Cake
97.3%
Take
96.6%
Fake
95.9%
Sake
95.1%
Like
94.6%
Rake
93.7%
Wake
92.5%
Hake
88.2%
Jake
86.5%
% Correct
Leke
86.2%
Lame
86.2%
Lane
85%
Lace
83.4%
Late
83.4%
Lade
79.7%
Lase
72.4%
Lave
69.4%
Laze
65.9%
Laky
46.7%
Lakh
33.8%

You're not logged in!

Compare scores with friends on all Sporcle quizzes.
Join for Free
OR
Log In

You Might Also Like...

Show Comments

Extras

Top Quizzes Today


Score Distribution

Your Account Isn't Verified!

In order to create a playlist on Sporcle, you need to verify the email address you used during registration. Go to your Sporcle Settings to finish the process.

Report this User

Report this user for behavior that violates our Community Guidelines.

Details: